Blocao : arquitecturas de la Era de la Violencia /
-д хадгалсан:
| Үндсэн зохиолч: | |
|---|---|
| Формат: | Цахим Цахим ном |
| Хэл сонгох: | испани |
| Хэвлэсэн: |
Madrid :
Biblioteca Nueva,
2000.
|
| Цуврал: | Colección Metrópoli (Biblioteca Nueva (Firm)) ;
8. |
| Нөхцлүүд: | |
| Онлайн хандалт: | Digitalia Hispánica |
| Шошгууд: |
Шошго нэмэх
Шошго байхгүй, Энэхүү баримтыг шошголох эхний хүн болох!
|
MARC
| LEADER | 00000nam a2200000Ii 4500 | ||
|---|---|---|---|
| 001 | DIGBN03308 | ||
| 003 | NyNyDIG | ||
| 006 | m o d | ||
| 007 | cr ||||||||||| | ||
| 008 | 100625s2000 sp o ob 000 0 spa d | ||
| 020 | |z 8470308246 | ||
| 020 | |z 9788470308246 | ||
| 035 | |a (OCoLC)888259758 | ||
| 040 | |a DGITA |b eng |e pn |c DGITA | ||
| 043 | |a ew----- |a e-sp--- | ||
| 050 | 1 | 4 | |a UG428 eBook |
| 100 | 1 | |a Flor, Fernando R. de la, |d 1951- | |
| 245 | 1 | 0 | |a Blocao : |b arquitecturas de la Era de la Violencia / |c Fernando R. de la Flor ; prólogo de Antonio Fernández Alba. |
| 264 | 1 | |a Madrid : |b Biblioteca Nueva, |c 2000. | |
| 300 | |a 1 online resource (103 pages) : |b ill. | ||
| 336 | |a text |b txt |2 rdacontent | ||
| 337 | |a computer |b c |2 rdamedia | ||
| 338 | |a online resource |b cr |2 rdacarrier | ||
| 490 | 1 | |a Colección Metrópoli : Espacios de la arquitectura ; |v 8. | |
| 504 | |a Includes bibliographical references. | ||
| 650 | 0 | |a Fortification |z Europe, Western |x History |y 20th century. | |
| 650 | 0 | |a Bunkers (Fortification) |z Europe, Western |x History |y 20th century. | |
| 650 | 0 | |a Fortification |z Spain |x History |y 20th century. | |
| 650 | 0 | |a Bunkers (Fortification) |z Spain |x History |y 20th century. | |
| 655 | 0 | |a Electronic books. | |
| 791 | 2 | |a Digitalia (Firm), |e distributor. | |
| 830 | 0 | |a Colección Metrópoli (Biblioteca Nueva (Firm)) ; |v 8. | |
| 793 | 0 | |g Digitalia eBook Collection: |a Biblioteca Nueva | |
| 856 | 4 | 0 | |3 Digitalia Hispánica |u https://digitalia.unach.elogim.com/a/4700/ |
| 910 | |a Premium Collection: 2007-2012 | ||